Nano-and micro-electromechanical systems: fundamentals of nano- and microengineering (Record no. 7997)
[ view plain ]
| 000 -LEADER | |
|---|---|
| fixed length control field | 00783 a2200229 4500 |
| 020 ## - INTERNATIONAL STANDARD BOOK NUMBER | |
| International Standard Book Number | 0-8493-2838-1 |
| 040 ## - CATALOGING SOURCE | |
| Original cataloging agency | DLC |
| Language of cataloging | DLC |
| 082 00 - DEWEY DECIMAL CLASSIFICATION NUMBER | |
| Classification number | 621.381 |
| 100 1# - MAIN ENTRY--PERSONAL NAME | |
| Personal name | Lyshevski, Sergey Edward. |
| 245 10 - TITLE STATEMENT | |
| Title | Nano-and micro-electromechanical systems: fundamentals of nano- and microengineering |
| Remainder of title | fundamentals of nano- and microengineering |
| Statement of responsibility, etc. | Sergey Edward Lyshevski. |
| 250 ## - EDITION STATEMENT | |
| Edition statement | 2nd ed. |
| 260 ## - PUBLICATION, DISTRIBUTION, ETC. | |
| Place of publication, distribution, etc. | Boca Raton, Fla. : |
| Name of publisher, distributor, etc. | CRC Press, |
| Date of publication, distribution, etc. | 2005 |
| 300 ## - PHYSICAL DESCRIPTION | |
| Extent | 722 s. |
| Other physical details | ill. |
| 440 #0 - SERIES STATEMENT/ADDED ENTRY--TITLE | |
| Title | Nano- and microscience, engineering, technology, and medicine series ; |
| Volume/sequential designation | 8 |
| 650 #0 - SUBJECT ADDED ENTRY--TOPICAL TERM | |
| Topical term or geographic name entry element | Microelectromechanical systems. |
| 650 #0 - SUBJECT ADDED ENTRY--TOPICAL TERM | |
| Topical term or geographic name entry element | Nanotechnology. |
| 650 #0 - SUBJECT ADDED ENTRY--TOPICAL TERM | |
| Topical term or geographic name entry element | Mikroelektronik |
| 650 #0 - SUBJECT ADDED ENTRY--TOPICAL TERM | |
| Topical term or geographic name entry element | Nanoteknik |
| 650 #0 - SUBJECT ADDED ENTRY--TOPICAL TERM | |
| Topical term or geographic name entry element | Nanotechnology |
| 650 #0 - SUBJECT ADDED ENTRY--TOPICAL TERM | |
| Topical term or geographic name entry element | Microelectronics |
| 942 ## - ADDED ENTRY ELEMENTS (KOHA) | |
| Koha item type | Book |
| Call number prefix | 621.381 LYS |
| Source of classification or shelving scheme | |
| Withdrawn status | Lost status | Damaged status | Not for loan | Collection code | Permanent Location | Current Location | Shelving location | Date acquired | Source of acquisition | Cost, normal purchase price | Total Checkouts | Full call number | Barcode | Checked out | Date last seen | Date last checked out | Price effective from | Koha item type |
|---|---|---|---|---|---|---|---|---|---|---|---|---|---|---|---|---|---|---|
| Central Library (CL) | Central Library (CL) | General Stacks | 01/22/2007 | New Public Book | 5832.90 | 1 | 621.381 LYS | SEECS008016 | 05/29/2026 | 04/29/2026 | 04/29/2026 | 01/05/2017 | Book |
